| 000 | 00357 a2200157 4500 | ||
|---|---|---|---|
| 001 | 157224 | ||
| 020 | _a858657337X | ||
| 040 | _cEscola São Tomás de Aquino | ||
| 100 | _aHeck, Lenira Almeida | ||
| 240 | 1 | 0 |
_aO peixinho e o gato _lpor |
| 245 | 1 | 0 | _aO peixinho e o gato |
| 300 | _a22 | ||
| 362 | 0 | _a2005 | |
| 697 | _a*LITERATURA INFANTO | ||
| 942 | _cBK | ||
| 999 |
_c157224 _d157224 |
||